Employment discrimination stories

Like all the other volumes in the Stories collection, this book provides students with a three dimensional picture of the most important cases that are addressed in nearly every employment discrimination casebook and course. These stories give the students and faculty members a deeper understanding...

Volledige beschrijving

Bewaard in:
Bibliografische gegevens
Formaat: Boek
Taal:Undetermined
Gepubliceerd in: New York Foundation Press,Thommson/West 2006
Onderwerpen:
Tags: Voeg label toe
Geen labels, Wees de eerste die dit record labelt!
Thư viện lưu trữ: Trung tâm Học liệu Trường Đại học Cần Thơ
LEADER 01162nam a2200217Ia 4500
001 CTU_153637
008 210402s9999 xx 000 0 und d
020 |c 31.35 
082 |a 344.7301 
082 |b E55 
245 0 |a Employment discrimination stories 
245 0 |c edited by Joel Wm. Friedman 
260 |a New York 
260 |b Foundation Press,Thommson/West 
260 |c 2006 
520 |a Like all the other volumes in the Stories collection, this book provides students with a three dimensional picture of the most important cases that are addressed in nearly every employment discrimination casebook and course. These stories give the students and faculty members a deeper understanding of the historical and cultural background of the cases and an insight into their long term impact on the development of employment discrimination law. 
650 |a Discrimination in employment,Discrimination in employment,Sự phân biệt đối xử trong công việc 
650 |x Cases,Những vụ kiện 
650 |z United States,United States,Hoa Kỳ 
904 |i Năm 
980 |a Trung tâm Học liệu Trường Đại học Cần Thơ